| 000 | 00753nam a2200205Ia 4500 | ||
|---|---|---|---|
| 003 | 0 | ||
| 005 | 20250114110558.0 | ||
| 008 | 161205s9999 xx 000 0 und d | ||
| 050 |
_aPHS LB 1576 _b.Su938 2015 |
||
| 100 | _aSeo, Yun Su | ||
| 245 |
_aEffectiveness of esl program to non english speakers of SISC _cSeo Yun Su |
||
| 260 |
_aLas PiƱas, Philippines : _bSouthville International School and Colleges, _c2015. |
||
| 300 |
_a21 p. : _bill. ; _c28 cm. |
||
| 504 | _aIncludes bibliographical references. | ||
| 650 |
_aEnglish language _vStudy and teaching _xForeign speakers. |
||
| 650 |
_aEnglish as a second language _vEffectiveness. |
||
| 650 | _aSecond language acquisition. | ||
| 650 |
_aNon-English speakers _vEducation. |
||
| 942 |
_cPASS _2lcc |
||
| 999 |
_c305322 _d305322 |
||